000 01315cam a22003857a 4500
003 CHAP
005 20220817043644.0
008 000407d1990 ca a r 00110 eng d
010 _a80740
011 _a81712
020 _a0660136155
035 _a92189
040 _cCHAP
090 _aFolleto 15694
100 0 0 _aRudnitski, Sharon
_eed.
_9100535
245 1 0 _aHandling agricultural materials :
_bstorage and conditioning of grain and forage
_c/ed. by Sharon Rudnitski
260 _aOttawa :
_bAgriculture Canada Research,
_c1990.
300 _a49 p. :
_bilus. ; gráfs. ; tablas
410 2 _aAgriculture Canada. Research Branch
490 0 _aPublication
_v; 1855/E
590 _aBATCH-UPD
_b10
_c20130110
_lUCH01
_h0356
590 _aBATCH-UPD
_b10
_c20130110
_lUCH01
_h2147
590 _aBATCH-UPD
_b10
_c20130410
_lUCH01
_h0030
590 _aBATCH-UPD
_b10
_c20130913
_lUCH01
_h2201
590 _aCONVERSION
_b10
_c20130109
_lUCH01
_h1345
650 1 4 _aCereales
_xAlmacenamiento.
_921373
650 1 4 _aForrajes.
650 1 4 _aProductos agrícolas
_xAlmacenamiento.
_991897
810 0 0 _aAgriculture Canada. Research Branch
_92125
830 0 _aPublication
_v; 1855/E
_992792
901 _aBK
905 _aAlejandra Carrasco M.
942 _cFOLL
949 _aFolleto 15694
_bBC
_cFOLL
_d921891
_eTS1
_i92189
_sb
999 _c80740
_d80740